00813 2200265 4500001002100000005001500021035002000036007000300056008004100059020002200100082000800122084001400130100003800144245012700182250003000309260004100339300002800380650003300408700001500441700001800456700001900474520003000493990001200523990001200535INLIS00000000000165320180227113607 a0010-0218000248ta180227 g 0 ind  a978-979-592-669-6 a297 a297 ABD a0 aABDUL, Wahab Abdus Salam Thawilah1 aAdab Berpakaian dan Berhias /cAbdul Wahab Abdus Salam Thawilah; penerjemah Abu Uwais, Andi Syahril; editor, Achmad Zirzis aed. Indonesia.-- cet.1.-- aJakarta :bPustaka Al-Kautsar,c2014 axxii, 471 hlm. ;c24 cm aISLAM. PAKAIAN DAN PERHIASAN0 aABU, Uwais0 aANDI, Syahril0 aACHMAD, Zirzis abibliografi: hlm. 469-471 a16557 a a16557 b